Nositel Nobelovy ceny za ekonomii 1985

Franco Modigliani (1918-2003) nositeľ Nobelovej ceny za priekopnícke práce v oblasti analýzy spotreby a úspor a za teoretický prínos pri skúmaní podnikových financií a finančných trhov. Stručný pohľad na profesnú kariéru. Hlavné knižné publikácie.

Guardado en:
Detalles Bibliográficos
Autor principal: Sirůček, Pavel
Formato: Capítulo de libro
Lenguaje:checo
Materias:
Etiquetas: Agregar Etiqueta
Sin Etiquetas, Sea el primero en etiquetar este registro!

MARC

LEADER 00000naa$a2200000$$$4500
001 0058431
005 20231116104359.3
041 0 |a cze 
044 |a CZ 
245 1 0 |a Nositel Nobelovy ceny za ekonomii 1985  |c Pavel Sirůček 
520 |a Franco Modigliani (1918-2003) nositeľ Nobelovej ceny za priekopnícke práce v oblasti analýzy spotreby a úspor a za teoretický prínos pri skúmaní podnikových financií a finančných trhov. Stručný pohľad na profesnú kariéru. Hlavné knižné publikácie. 
610 2 0 |a financie podnikové 
610 2 0 |a Nobelova cena 
610 2 0 |a veda ekonomická 
610 2 0 |a 1985 
610 2 0 |a Modigliani, F. 
100 1 |a Sirůček, Pavel